| 000 | 00872cam a2200265 4500 | ||
|---|---|---|---|
| 001 | 1010232 | ||
| 003 | ARRUPE | ||
| 005 | 20131003173739.0 | ||
| 008 | 780109c19691967nyu b 000 0 eng u | ||
| 035 | _a(OCoLC)ocm03545077 | ||
| 035 | _a(NNC)1010232 | ||
| 040 |
_cNJP _dOCL _dRQO |
||
| 050 | _aHC165.F68 | ||
| 100 | 1 |
_aFrank, Andre Gunder, _d1929-2005. _92088 |
|
| 245 | 1 | 0 |
_aCapitalism and underdevelopment in Latin America; _bhistorical studies of Chile and Brazil. |
| 260 |
_aNew York: _bMonthly Review Press, _c[1969] |
||
| 300 | _axxiii, 343 p.; 21 cm. | ||
| 500 | _a"First Modern Reader paperback edition 1969." | ||
| 504 | _aBibliography: p. [319]-333. | ||
| 651 | 0 |
_aBrazil _xEconomic conditions. _92089 |
|
| 651 | 0 |
_aChile _xEconomic conditions. _92090 |
|
| 651 | 0 |
_aLatin America _xEconomic conditions. _92091 |
|
| 942 |
_2lcc _cMONOGRAPH |
||
| 999 |
_c118242 _d118242 |
||